Quizzes
Events
Quiz Creation
Community
Videos
Private Events
Remove Ads
Sign In
Join for FREE
Feedback
Dark Mode
Quiz Categories
Sports
Geography
Music
Movies
Television
Just For Fun
Miscellaneous
History
Literature
Language
Science
Gaming
Entertainment
Religion
Holiday
For Kids
Quiz Lab
Recent
Popular Today
Quiz Kudos Today
Editor Picks
Curator Picks
Quizzes by...
Day
Popularity
Type
Ratings
Length
Year
Community
Subscriptions
Recent Discussions
Orange Saloon
Badges
Playlists
Quests
Create
Leaderboards
Showdown
Live 5
Trivia Bingo
Activity
Puzzle Library
Sporcle Events
Private Events
Virtual Trivia
Globe League
Become a Host
Pub Owners
SporcleCon
Opinionation
Our Games
Videos
Blog
Mobile Apps
Partnerships
Remove Ads and Go Orange
Feedback
Language
Vocabulary
Begins and Ends
Definition
Spanish
French
German
Italian
Chinese
Latin
Translation
Japanese
Language
Vocabulary
Begins and Ends
Definition
Spanish
French
German
Italian
Chinese
Latin
Translation
Japanese
Random Quiz
Search Sporcle
×
Quiz Lab
Quiz Lab
Language
City
Type in answers that appear in a list
Type in answers that appear in a list
Classic
Best Score? Go Orange.
Country and city names in Old Norse Stats
Can you name the countries, territories, and cities in Old Norse?
By
AdamBishop
8m
37 Questions
746 Plays
746 Plays
746 Plays
Comments
Comments
Give Quiz Kudos
Give Quiz Kudos
-
- Ratings
hide this ad
More Info
Forced Order
Answers have to be entered in order
Answers have to be entered in order
Replay
Link that replays current quiz
Next Quiz
Link to next quiz in quiz playlist
You Got
0%
They Got
Avg Score
45%
Avg Friend Score
Upgrade to see
Score Distribution
Jump to the score distribution portion of the page
Score
0/37
Timer
08:00
0
Plays Today
English
% Correct
Denmark
94.1%
Finland
91.2%
Ireland
88.1%
Greenland
85.8%
Iceland
84%
Norway
80.8%
Spain
79.1%
Greece, Turkey (Byzantine Empire)
72.7%
Iran (Persia)
71.2%
Oslo
68.5%
Paris
68%
Germany (Saxony)
60.7%
Sweden
60.6%
Hungary
58.6%
Rome
56.8%
Canada (Newfoundland, Labrador, Baffin Island)
50.4%
Dublin
49.2%
London
48.4%
Copenhagen
46.5%
English
% Correct
Sicily
44.4%
York
42.8%
Cyprus
36.6%
Russia, Belarus, Ukraine ('Kingdom of Cities')
34.6%
Italy (Lombardy)
30.6%
Istanbul, Constantinople
26.9%
Novgorod
17.2%
Jerusalem
15.7%
Kiev
15%
France (Gaul-land)
13.9%
Milan
13.1%
Israel (Judea)
12.1%
North Africa (Morocco, Algeria, Tunisia, Libya)
11.5%
Egypt, Syria, Jordan, Iraq (Saracen land)
11.4%
Bremen
10.9%
Poland (Wend-land)
8.6%
Stockholm
7.8%
Venice
7.4%
Quiz Playlist
Details
Report
Send in Message
Add To Playlist
More Info:
Also used "Altnordische Kosmographie" by Rudolf Simek; pp. 201-211, and "A Concise Dictionary of Old Icelandic" by Geir Tómasson Zoëga.
Classic:
Type in answers that appear in a list
Forced Order:
Answers have to be entered in order
Quiz Source
Last Updated: Jul 2, 2017
Quiz Scoreboard
CHALLENGE
Sign Up to Join the Scoreboard
Show All
Scores
Hide
Comments
May contain spoilers
Recently Published
An Introduction to Baseball
by treessimontrees
Sports
5m
Movies - When Are They Set?
by FPL_Elf
Movies
5m
Popular People in 1961
by mucciniale
History
6m
More to Explore
Quiz From the Vault
Featured Blog Post
Where Did the Easter Bunny Come From?
hide this ad
You Might Also Like...
Tags
City Quiz
Country Quiz
icelandic
name
Norse
Today's Top Quizzes in Language
Browse Language
hide this ad
Today's Top Quizzes in City
Browse City
Top Contributed Quizzes in Language
1
1-10 Letter F Words III
2
Order Up: Top 10 Most Native Spoken Languages
3
1-10 Letter G Words III
4
1-10 Letter H Words III
5
One Thing in Common: Italy
6
1-10 Letter I Words III
7
Weisst du, aus welchen Sprachen diese Wörter stammen?
8
1-10 Letter J Words III
9
Begins and Ends With AN
10
Hiragana Speed Reading
Explore More
Trending Topics
Marvel
NBA
Disney
Anime
Kpop
Crossword
Harry Potter
Song
Pokémon
Puzzle
Soccer
Country
NFL
The Office
WWE
hide this ad
More By:
AdamBishop
Quiz
Plays
Rating
Category
Featured
Created
Viking Countries
128,669
4.53
History
Oct 13, 2010
Countries Colonized by Ancient Greeks
106,990
4.34
Geography
Oct 8, 2010
Populous French Cities, 1000-2006
96,148
4.60
Geography
Apr 18, 2011
Countries Visited by Captain Cook
80,653
4.69
History
Sep 13, 2010
People Whose Names Are Sentences
69,688
4.00
Language
Jul 8, 2011
Go to Creator's Profile
Score Distribution
Quiz Creator Spotlight
AdamBishop
Follow
Send a Message
Quizzes Created
-
Created Quiz Play Count
-
More By This Creator
Popular Quizzes Today
1
Find the Countries of Europe - No Outlines Minefield
2
Find the US States - No Outlines Minefield
3
The Countries of the World
4
Popular People in 1961
5
US States
6
1-10 Letter E Words III
7
Find the US States
8
One Thing in Common: World Cities II
More Language Quizzes
Anagram Word Building XXXIII
Published
Trending Quizzes
Risky Map Clicking: Least Populous States A-Z
1-10 Letter F Words
1-10 Letter G Words
One Thing in Common: United Kingdom
Risky Map Clicking: Next State Alphabetically
Recently Updated
Leaping Animals
pecheneg
Reality TV Shows (A-Z)
bhenderson79
Rickey Henderson's Hall of Fame Teammates
pecheneg
Champions League XIs: Arsenal
pecheneg
Quick Pick: Celebrities in WWE's Hall of Fame
aduchscher
A-Z Keypad Blitz II
pecheneg
Multiple Oscar Actors
pecheneg
Mystery Phrase Blitz: Oscar 'Best Actors'
pecheneg
F. Scott Fitzgerald Novels
LTH
Pick 3 Villains
ddd62291
Trending Topics
Kpop
Anime
Marvel
Harry Potter
Crossword
Disney
NBA
Soccer
Country
WWE
Song
NFL
Puzzle
The Office
Pokémon
Your Account Isn't Verified!
In order to create a playlist on Sporcle, you need to verify the email address you used during registration. Go to your
Sporcle Settings
to finish the process.
Report this User
Report this user for behavior that violates our
Community Guidelines
.
Details:
Send Report
Go to the Sporcle.com Mobile Site →
Comments